Statistics for Globe Grid

Click here to take the quiz!

General Stats

  • This quiz has been taken 25,011 times
  • The average score is 20 of 38

Answer Stats

Item % Correct
Southern Ocean
87%
Pacific Ocean
86%
Atlantic Ocean
85%
United States
85%
Canada
83%
Russia
83%
China
82%
Indian Ocean
82%
Brazil
75%
Arctic Ocean
74%
Australia
69%
Argentina
69%
{North} Sea
64%
South Africa
63%
France
61%
Greenland
60%
Antarctica
59%
Indonesia
58%
Egypt
55%
{Bering} Sea
52%
{Black} Sea
48%
Algeria
46%
Sudan
46%
Iran
45%
{Baltic} Sea
43%
Kazakhstan
42%
{Hudson} Bay
42%
{South} {China} Sea
38%
Mali
34%
Zambia
25%
Uganda
24%
Guatemala
22%
{Baffin} Bay
19%
Gulf of {Guinea}
17%
{Barents} Sea
11%
{Coral} Sea
10%
{M}'{Clure} Strait
6%
{Laptev} Sea
6%

Score Distribution

Percentile by Number Answered

Percent of People with Each Score

Your Score History

You have not taken this quiz